000 00320nam a22001337a 4500
020 _a0-412-09700-1
082 _a629.254 JUD'M
100 _aJUDGE, ARTHUR W
_941819
245 _aMODERN ELECTRICAL EQUIPMENT FOR AUTMOBILES
250 _a2ND
260 _aLONDON
_bCHAPMAN & HALL
_c1975
300 _a416P
942 _cBK
999 _c582687
_d582687